| 000 | 00744cab a2200265 4500 | ||
|---|---|---|---|
| 001 | ABS48727 | ||
| 008 | 090401t1993 xxu||||| |||| 00| 0 eng d | ||
| 035 | _a(Sirsi) u68303 | ||
| 041 | _aeng | ||
| 100 | _aGillham, B.J. | ||
| 245 | _aHow should pubs be valued? | ||
| 260 | _c1993 | ||
| 350 | _a0 | ||
| 490 |
_aJournal of Property Valuation and Investment _v11(3), 1993, 217-224(8) |
||
| 520 | _aReviews past and current methods of valuation, and analyses rental growth. | ||
| 650 | _aINVESTMENT MARKET | ||
| 650 | _aLICENSED PROPERTY | ||
| 650 | _aPROFITS METHOD | ||
| 650 | _aPUBLIC HOUSES | ||
| 650 | _aRENTAL GROWTH | ||
| 650 | _aVALUATION METHODS | ||
| 690 | _aRATING AND VALUATION | ||
| 942 | _n0 | ||
| 948 | _c04/03/1997 | ||
| 999 |
_c42850 _d42850 |
||